| 000 | 01439nac a22003617a 4500 | ||
|---|---|---|---|
| 001 | BR8603067 | ||
| 003 | BR-BrBNA | ||
| 005 | 20240105120433.0 | ||
| 008 | 230509b bl.|||m| |||| 00| 0 por d | ||
| 040 |
_aBR-BrBNA _bpor _cBiblioteca Nacional de Agricultura |
||
| 072 | _aL73; L74; L53 | ||
| 090 | _a5300 BR8603067 | ||
| 110 | 1 | _aCentro Nacional de Pesquisa de Suinos e Aves, Concordia, SC (Brasil) | |
| 111 | 1 |
_a3. Simposio do Centro Nacional de Pesquisa de Suinos e Aves; 2. Simposio Catarinense de Sanidade Suina _cConcordia, SC (Brazil) _d7-11 Nov 1983 |
|
| 245 | 1 | _aAnais do 3. Simposio do Centro Nacional de Pesquisa de Suinos e Aves e 2. Simposio Catarinense de Sanidade Suina [Santa Catarina, Rio Grande do Sul] | |
| 246 | 1 | _a[Annals of the 3. Symposium of the National Center of Swine and Poultry Research and 2. Santa Catarina Symposium of Swine Health] | |
| 260 | 3 |
_aConcordia, SC (Brasil): _c1981. |
|
| 300 | _a358 p. | ||
| 490 |
_aDocumentos - Centro Nacional de Pesquisa de Suinos e Aves (Brazil) _vno. 7 _xISSN 0101-6245 |
||
| 650 | _aSUINO | ||
| 650 | _aVETERINARIA | ||
| 650 | _aDIARREIA | ||
| 650 | _aPNEUMONIA | ||
| 650 | _aPLEUROPNEUMONIA | ||
| 650 | _aRINITE ATROFICA | ||
| 650 | _aDIAGNOSTICO | ||
| 650 | _aIMUNIZACAO | ||
| 650 | _aREPRODUCAO ANIMAL | ||
| 650 | _aSANTA CATARINA | ||
| 650 | _aRIO GRANDE DO SUL | ||
| 909 |
_a202312 _bLúcia Elande _c55 _dLúcia Elande |
||
| 942 |
_2AGRIS _n0 _cMS |
||
| 999 |
_c279427 _d279427 |
||